[Event "AUT-chT2O 2122"]
[Site "Austria"]
[Date "2022.03.12"]
[Round "8.5"]
[White "Mittermayr, Gerhard"]
[Black "Exler, Veronika"]
[Result "0-1"]
[WhiteElo "2074"]
[BlackElo "2075"]
[PlyCount "138"]
[EventDate "2021.10.16"]
[EventType "team-tourn"]
[EventRounds "11"]
[EventCountry "AUT"]
[SourceTitle "EXT 2024"]
[Source "ChessBase"]
[SourceDate "2023.10.10"]
[SourceVersion "1"]
[SourceVersionDate "2023.10.10"]
[SourceQuality "1"]
[WhiteTeam "Poechlarn"]
[BlackTeam "Donaustadt"]
[WhiteTeamCountry "AUT"]
[BlackTeamCountry "AUT"]

1. e4 c6 2. d4 d5 3. Nc3 dxe4 4. Nxe4 Nf6 5. Ng5 h6 6. N5f3 Bf5 7. Ne5 e6 8. Ngf3 Bd6 9. c3 Nbd7 10. Bf4 Qc7 11. Nxd7 Nxd7 12. Bxd6 Qxd6 13. Bd3 Qd5 14. Bxf5 Qxf5 15. 0-0 0-0 16. Re1 Rfd8 17. Qb3 Qb5 18. Qc2 Qa6 19. h3 c5 20. dxc5 Nxc5 21. Ne5 Nd3 22. Nxd3 Rxd3 23. a3 Rad8 24. Rad1 Kf8 25. Rxd3 Qxd3 26. Qa4 Qd2 27. Qb4+ Kg8 28. Re3 Qd1+ 29. Kh2 Qd6+ 30. Kg1 Qxb4 31. cxb4 Rd1+ 32. Kh2 Rd2 33. Rc3 Rd7 34. Rc8+ Kh7 35. Ra8 b6 36. b5 Kg6 37. Kg3 Kf5 38. a4 Ke5 39. b3 Rc7 40. Rd8 Rc3+ 41. f3 Rc7 42. b4 Rb7 43. Kf2 Kf6 44. Ke3 Ke7 45. Rg8 Kf6 46. Kd4 h5 47. Kc4 g6 48. a5 Ke7 49. g4 Rc7+ 50. Kb3 hxg4 51. hxg4 Rb7 52. g5 bxa5 53. bxa5 Rxb5+ 54. Ka4 Rb7 55. a6 Rc7 56. Rb8 Kd6 57. Rd8+ Rd7 58. Rc8 Rc7 59. Rd8+ Kc5 60. Ka5 Kc6 61. Kb4 Rd7 62. Rb8 Rd4+ 63. Kc3 Rf4 64. Rb7 Rxf3+ 65. Kd4 Rf4+ 66. Ke3 Rf5 67. Rxa7 Kb6 68. Ra8 Rxg5 69. a7 Rf5 0-1

[Event "Niederoesterreich Landesliga 1819"]
[Site "Austria"]
[Date "2018.11.25"]
[Round "5.2"]
[White "Mittermayr, Gerhard"]
[Black "Lechner, Daniel"]
[Result "0-1"]
[WhiteElo "2120"]
[BlackElo "2167"]
[PlyCount "76"]
[EventDate "2018.09.30"]
[EventType "team-tourn"]
[EventRounds "11"]
[EventCountry "AUT"]
[SourceTitle "CBM 189 Extra"]
[Source "ChessBase"]
[SourceDate "2019.05.31"]
[SourceVersion "1"]
[SourceVersionDate "2019.05.31"]
[SourceQuality "1"]
[WhiteTeam "Poechlarn"]
[BlackTeam "Kottingbrunn"]
[WhiteTeamCountry "AUT"]
[BlackTeamCountry "AUT"]

1. e4 c5 2. Nf3 d6 3. d4 cxd4 4. Nxd4 Nf6 5. Nc3 a6 6. Bc4 e6 7. Bb3 b5 8. f3 Be7 9. Be3 0-0 10. Qd2 Bb7 11. 0-0-0 Nbd7 12. g4 Nc5 13. g5 Nfd7 14. h4 Ne5 15. h5 b4 16. Nce2 a5 17. g6 a4 18. gxf7+ Rxf7 19. Bxe6 Nxe6 20. Nxe6 Qc8 21. Qxb4 Ba6 22. N2f4 Bc4 23. Rxd6 Bxe6 24. Rhd1 Bxd6 25. Qxd6 Nc4 26. Qd3 Nxe3 27. Qxe3 Bxa2 28. Rd3 Rb8 29. h6 Qb7 30. Nh5 Qxb2+ 31. Kd2 Rc8 32. Ke1 Qxc2 33. Rd2 Qc1+ 34. Ke2 Rc2 35. Rxc2 Qxc2+ 36. Kf1 Rb7 37. Nf6+ gxf6 38. Qg1+ Kh8 0-1

[Event "Niederoesterreich Landesliga 1819"]
[Site "Austria"]
[Date "2018.11.11"]
[Round "4.4"]
[White "Ehs, Dominik"]
[Black "Mittermayr, Gerhard"]
[Result "1-0"]
[WhiteElo "2089"]
[BlackElo "2120"]
[PlyCount "53"]
[EventDate "2018.09.30"]
[EventType "team-tourn"]
[EventRounds "11"]
[EventCountry "AUT"]
[SourceTitle "CBM 189 Extra"]
[Source "ChessBase"]
[SourceDate "2019.05.31"]
[SourceVersion "1"]
[SourceVersionDate "2019.05.31"]
[SourceQuality "1"]
[WhiteTeam "Boehlerwerk"]
[BlackTeam "Poechlarn"]
[WhiteTeamCountry "AUT"]
[BlackTeamCountry "AUT"]

1. e4 c5 2. Nf3 Nc6 3. g3 g6 4. Bg2 Bg7 5. 0-0 d6 6. c3 Nf6 7. Qe2 0-0 8. d4 e5 9. dxe5 dxe5 10. Na3 h6 11. Nc4 Qe7 12. Rd1 Ne8 13. Ne3 f5 14. exf5 gxf5 15. Nh4 Kh7 16. Qh5 Qg5 17. Qxg5 hxg5 18. Nhxf5 Bf6 19. Be4 Kh8 20. g4 Be6 21. b3 Rc8 22. Ba3 Nd8 23. Rd2 b6 24. Rad1 Nf7 25. Nd5 Nfd6 26. Nxd6 Bxd5 27. Rxd5 1-0

[Event "AUT-chT2M 1617"]
[Site "Austria"]
[Date "2017.03.26"]
[Round "11.1"]
[White "Mittermayr, Gerhard"]
[Black "Mikanovic, Sandro"]
[Result "0-1"]
[WhiteElo "2116"]
[BlackElo "2226"]
[PlyCount "52"]
[EventDate "2016.10.07"]
[EventType "team-tourn"]
[EventRounds "11"]
[EventCountry "AUT"]
[SourceTitle "CBM 177 Extra"]
[Source "ChessBase"]
[SourceDate "2017.04.27"]
[SourceVersion "1"]
[SourceVersionDate "2017.04.27"]
[SourceQuality "1"]
[WhiteTeam "Gmunden"]
[BlackTeam "Graz Schachfreunde"]
[WhiteTeamCountry "AUT"]
[BlackTeamCountry "AUT"]

1. e4 d5 2. exd5 Qxd5 3. Nc3 Qd6 4. d4 Nf6 5. Bc4 a6 6. Nf3 b5 7. Bb3 Bb7 8. Ne5 e6 9. Bf4 Qb6 10. d5 Bc5 11. Qe2 0-0 12. dxe6 fxe6 13. 0-0-0 Bxf2 14. Rhf1 Bd4 15. Rxd4 Qxd4 16. Bxe6+ Kh8 17. Nf7+ Rxf7 18. Be5 Qc5 19. Bxf7 Nbd7 20. Bg3 Rf8 21. Bb3 Qg5+ 22. Kb1 c5 23. Be6 Re8 24. Bd6 b4 25. Nd1 Bd5 26. Bf4 Qg6 0-1

[Event "AUT-chT2M 1617"]
[Site "Austria"]
[Date "2017.03.25"]
[Round "10.1"]
[White "Waldmann, Gerald"]
[Black "Mittermayr, Gerhard"]
[Result "1-0"]
[WhiteElo "2124"]
[BlackElo "2116"]
[PlyCount "59"]
[EventDate "2016.10.07"]
[EventType "team-tourn"]
[EventRounds "11"]
[EventCountry "AUT"]
[SourceTitle "CBM 177 Extra"]
[Source "ChessBase"]
[SourceDate "2017.04.27"]
[SourceVersion "1"]
[SourceVersionDate "2017.04.27"]
[SourceQuality "1"]
[WhiteTeam "Wolfsberg"]
[BlackTeam "Gmunden"]
[WhiteTeamCountry "AUT"]
[BlackTeamCountry "AUT"]

1. e4 e6 2. d4 d5 3. Nd2 Nf6 4. e5 Nfd7 5. Bd3 c5 6. c3 Nc6 7. Ne2 cxd4 8. cxd4 Qb6 9. Nf3 Bb4+ 10. Kf1 Be7 11. h4 f6 12. Nf4 fxe5 13. Nxe5 Ndxe5 14. dxe5 Nxe5 15. Qh5+ Nf7 16. Bxh7 e5 17. Ng6 Bg4 18. Qxg4 Rxh7 19. Rh3 Qb5+ 20. Kg1 Qd7 21. Qe2 Bd6 22. Be3 a6 23. Rd1 Qf5 24. h5 Qe4 25. Rh4 Qf5 26. Rxd5 0-0-0 27. Ba7 Qb1+ 28. Rd1 Qxa2 29. Rc4+ Kd7 30. Qg4+ 1-0

[Event "AUT-chT2M 1617"]
[Site "Austria"]
[Date "2016.10.08"]
[Round "2.1"]
[White "Mittermayr, Gerhard"]
[Black "Schwabeneder, Florian"]
[Result "0-1"]
[WhiteElo "2116"]
[BlackElo "2344"]
[PlyCount "84"]
[EventDate "2016.10.07"]
[EventType "team-tourn"]
[EventRounds "11"]
[EventCountry "AUT"]
[SourceTitle "EXT 2017"]
[Source "ChessBase"]
[SourceDate "2016.10.25"]
[SourceVersion "1"]
[SourceVersionDate "2016.10.25"]
[SourceQuality "1"]
[WhiteTeam "Gmunden"]
[BlackTeam "Grieskirchen/Schallerbach"]
[WhiteTeamCountry "AUT"]
[BlackTeamCountry "AUT"]

1. e4 e5 2. Nf3 Nc6 3. Bb5 a6 4. Ba4 d6 5. d4 b5 6. Bb3 Nxd4 7. Nxd4 exd4 8. Bd5 Rb8 9. Bc6+ Bd7 10. Bxd7+ Qxd7 11. Qxd4 Nf6 12. Qa7 Rc8 13. Qxa6 Nxe4 14. a4 bxa4 15. Qxa4 Qxa4 16. Rxa4 Nc5 17. Ra7 d5 18. Nc3 c6 19. 0-0 Ne6 20. Na4 Bd6 21. f4 0-0 22. f5 Nd4 23. c3 Nb5 24. Rd7 Ra8 25. b3 Be5 26. Bb2 Rfe8 27. c4 Bxb2 28. Nxb2 Nc3 29. Rc7 Ne2+ 30. Kh1 Ra2 31. Nd3 dxc4 32. bxc4 Nd4 33. Nb4 Rf2 34. Rd1 Nxf5 35. Nxc6 h5 36. c5 Ree2 37. Rg1 Nh4 38. Nd4 Rd2 39. Rd7 Nxg2 40. c6 Nh4 41. Rg3 Rd1+ 42. Rg1 Rxd4 0-1

[Event "WchT Seniors 50"]
[Site "Radebeul"]
[Date "2016.07.04"]
[Round "9.13"]
[White "Buchal, Stephan"]
[Black "Mittermayr, Gerhard"]
[Result "1/2-1/2"]
[WhiteElo "2338"]
[BlackElo "2101"]
[PlyCount "55"]
[EventDate "2016.06.26"]
[EventType "team-swiss"]
[EventRounds "9"]
[EventCountry "GER"]
[SourceTitle "CBM 173 Extra"]
[Source "ChessBase"]
[SourceDate "2016.08.29"]
[SourceVersion "1"]
[SourceVersionDate "2016.08.29"]
[SourceQuality "1"]
[WhiteTeam "Werder Bremen"]
[BlackTeam "Oberoesterreich"]
[WhiteTeamCountry "GER"]
[BlackTeamCountry "AUT"]

1. c4 g6 2. g3 Bg7 3. Bg2 e5 4. Nc3 d6 5. d3 f5 6. e4 Nf6 7. Nge2 0-0 8. 0-0 c6 9. Bg5 h6 10. Bxf6 Qxf6 11. f4 Nd7 12. exf5 gxf5 13. Qd2 Nc5 14. Rae1 Ne6 15. Kh1 h5 16. Qd1 h4 17. gxh4 Qxh4 18. Rf3 exf4 19. d4 Ng5 20. Rxf4 Qh6 21. Ref1 Bd7 22. Qd3 Rae8 23. Qg3 Nf7 24. Rg1 Qg5 25. Qf2 Qe7 26. Rf3 Nh6 27. h3 Bf6 28. Nf4 1/2-1/2

[Event "WchT Seniors 50"]
[Site "Radebeul"]
[Date "2016.07.03"]
[Round "8.20"]
[White "Mittermayr, Gerhard"]
[Black "Frick, Renato"]
[Result "1-0"]
[WhiteElo "2101"]
[BlackElo "2014"]
[PlyCount "65"]
[EventDate "2016.06.26"]
[EventType "team-swiss"]
[EventRounds "9"]
[EventCountry "GER"]
[SourceTitle "CBM 173 Extra"]
[Source "ChessBase"]
[SourceDate "2016.08.29"]
[SourceVersion "1"]
[SourceVersionDate "2016.08.29"]
[SourceQuality "1"]
[WhiteTeam "Oberoesterreich"]
[BlackTeam "Liechtenstein"]
[WhiteTeamCountry "AUT"]
[BlackTeamCountry "LIE"]

1. e4 c5 2. Nf3 d6 3. d4 cxd4 4. Nxd4 Nf6 5. Nc3 a6 6. Be3 e5 7. Nb3 Be6 8. Bg5 Be7 9. Bxf6 Bxf6 10. Nd5 0-0 11. Nxf6+ gxf6 12. Qh5 Kh8 13. 0-0-0 Rg8 14. Rd3 Qe7 15. Be2 Nc6 16. c3 Rad8 17. Rg3 Rg6 18. Bg4 Bxg4 19. Rxg4 Rxg4 20. Qxg4 Qe6 21. Qf3 Ne7 22. Rd1 Kg7 23. Qg3+ Kh8 24. Qh4 Ng6 25. Qg3 Nf4 26. Qf3 f5 27. exf5 Qxf5 28. g3 Qh3 29. Qxb7 Ne6 30. Qxf7 Rf8 31. Qe7 Rxf2 32. Qxd6 Rxh2 33. Qxe5+ 1-0

[Event "AUT-chT2O 1213"]
[Site "Austria"]
[Date "2013.04.07"]
[Round "11.6"]
[White "Mayr, Thomas"]
[Black "Mittermayr, Gerhard"]
[Result "1/2-1/2"]
[WhiteElo "2125"]
[BlackElo "2117"]
[PlyCount "59"]
[EventDate "2012.10.06"]
[EventType "team-tourn"]
[EventRounds "11"]
[EventCountry "AUT"]
[SourceTitle "EXT 2014"]
[Source "ChessBase"]
[SourceDate "2013.11.20"]
[SourceVersion "1"]
[SourceVersionDate "2013.11.20"]
[SourceQuality "1"]
[WhiteTeam "Eichgraben"]
[BlackTeam "Poechlarn"]
[WhiteTeamCountry "AUT"]
[BlackTeamCountry "AUT"]

1. e4 e6 2. d4 d5 3. exd5 exd5 4. Bd3 Bd6 5. Nf3 Nf6 6. 0-0 0-0 7. Bg5 Bg4 8. Nbd2 Nbd7 9. c4 c6 10. Qc2 Qc7 11. Bh4 Bh5 12. Bg3 Bg6 13. Rfe1 Rfe8 14. Bxg6 hxg6 15. c5 Bxg3 16. hxg3 Rxe1+ 17. Rxe1 Re8 18. Rxe8+ Nxe8 19. b4 a6 20. Qd3 Kf8 21. Kf1 Qd8 22. Qe3 Qe7 23. Ke2 f6 24. Nh4 Qxe3+ 25. Kxe3 g5 26. Nhf3 Nc7 27. a4 Ke7 28. Kd3 Ke6 29. Ke3 Ke7 30. Kd3 1/2-1/2

[Event "AUT-chT 1011"]
[Site "Austria"]
[Date "2011.01.21"]
[Round "5.6"]
[White "Gaertner, Guntram"]
[Black "Mittermayr, Gerhard"]
[Result "1-0"]
[WhiteElo "2329"]
[BlackElo "2172"]
[PlyCount "81"]
[EventDate "2010.11.19"]
[EventType "team-tourn"]
[EventRounds "11"]
[EventCountry "AUT"]
[SourceTitle "EXT 2012"]
[Source "ChessBase"]
[SourceDate "2011.11.24"]
[SourceVersion "1"]
[SourceVersionDate "2011.11.24"]
[SourceQuality "1"]
[WhiteTeam "Hohenems"]
[BlackTeam "Poechlarn"]
[WhiteTeamCountry "AUT"]
[BlackTeamCountry "AUT"]

1. d4 f5 2. c4 Nf6 3. Nc3 e6 4. Nf3 d5 5. Bf4 c6 6. e3 Bd6 7. Bxd6 Qxd6 8. Bd3 0-0 9. 0-0 Bd7 10. Qb3 Bc8 11. Rac1 Kh8 12. Ne5 Ne4 13. Bxe4 fxe4 14. Qd1 Nd7 15. f4 exf3 16. Rxf3 Rxf3 17. Qxf3 Nxe5 18. dxe5 Qe7 19. Rf1 Bd7 20. Qf7 Qxf7 21. Rxf7 Rd8 22. c5 Kg8 23. Rf4 Rf8 24. Rxf8+ Kxf8 25. b4 Kf7 26. Ne2 Ke7 27. Kf2 Be8 28. h4 Kd7 29. Nf4 b6 30. Ke2 Bf7 31. Kd3 b5 32. Kc3 Ke7 33. Kd2 g6 34. Ke2 h6 35. Nh3 Kf8 36. Kf3 Kg7 37. Kf4 Be8 38. Nf2 h5 39. Kg5 Bf7 40. Nh3 Bg8 41. Nf4 1-0

[Event "AUT-chT 1011"]
[Site "Austria"]
[Date "2010.11.21"]
[Round "3.6"]
[White "Kopinits, Anna Christina"]
[Black "Mittermayr, Gerhard"]
[Result "1-0"]
[WhiteElo "2195"]
[BlackElo "2172"]
[PlyCount "59"]
[EventDate "2010.11.19"]
[EventType "team-tourn"]
[EventRounds "11"]
[EventCountry "AUT"]
[SourceTitle "EXT 2011"]
[Source "ChessBase"]
[SourceDate "2010.11.26"]
[SourceVersion "1"]
[SourceVersionDate "2010.11.26"]
[SourceQuality "1"]
[WhiteTeam "Wulkaprodersdorf"]
[BlackTeam "Poechlarn"]
[WhiteTeamCountry "AUT"]
[BlackTeamCountry "AUT"]

1. e4 e6 2. d4 d5 3. Nd2 Nf6 4. e5 Nfd7 5. f4 c5 6. c3 Nc6 7. Ndf3 cxd4 8. cxd4 Bb4+ 9. Kf2 0-0 10. g3 f6 11. Kg2 fxe5 12. dxe5 Bc5 13. Bd3 g6 14. h4 Ne7 15. h5 Nf5 16. Ng5 Bxg1 17. hxg6 hxg6 18. Qxg1 Nc5 19. Rh8+ Kg7 20. Rh7+ Kg8 21. Qh1 Qxg5 22. fxg5 Nxd3 23. Rh8+ Kf7 24. Qh7+ Ng7 25. Rxf8+ Kxf8 26. Bd2 Nf5 27. g4 Ne7 28. Qh8+ Kf7 29. Rf1+ Nf5 30. gxf5 1-0

[Event "Niederoesterreich Landesliga 0910"]
[Site "Austria"]
[Date "2010.04.11"]
[Round "11"]
[White "Vykydal, Frantisek"]
[Black "Mittermayr, Gerhard"]
[Result "0-1"]
[WhiteElo "2213"]
[BlackElo "2135"]
[PlyCount "80"]
[EventDate "2009.09.06"]
[EventType "team-tourn"]
[EventRounds "11"]
[EventCountry "AUT"]
[SourceTitle "EXT 2022"]
[Source "ChessBase"]
[SourceDate "2021.10.06"]
[SourceVersion "1"]
[SourceVersionDate "2021.10.06"]
[SourceQuality "1"]

1. e4 e6 2. d3 d5 3. Nd2 Nf6 4. Be2 dxe4 5. Nxe4 Nxe4 6. dxe4 Qxd1+ 7. Bxd1 Bc5 8. Nf3 0-0 9. 0-0 Nc6 10. c3 a5 11. Bf4 Bb6 12. Bc2 Bd7 13. Rad1 Rfd8 14. e5 Be8 15. Bg5 Rxd1 16. Rxd1 h6 17. Bc1 a4 18. Re1 Ne7 19. Be3 Bxe3 20. Rxe3 Nd5 21. Rd3 Bb5 22. Rd1 a3 23. Nd4 Be8 24. c4 Nb4 25. bxa3 Nxc2 26. Nxc2 Ba4 27. Rd2 Bxc2 28. Rxc2 Rxa3 29. Kf1 Kf8 30. c5 Ke7 31. c6 bxc6 32. Rxc6 Kd7 33. Rc2 Ra5 34. f4 g5 35. fxg5 hxg5 36. Rf2 Rxe5 37. Rxf7+ Kd6 38. Rf2 c5 39. h4 gxh4 40. Rf4 Rh5 0-1

[Event "Niederoesterreich Landesliga 0910"]
[Site "Austria"]
[Date "2010.01.10"]
[Round "7"]
[White "Strobel, Ferdinand"]
[Black "Mittermayr, Gerhard"]
[Result "0-1"]
[WhiteElo "2042"]
[BlackElo "2135"]
[PlyCount "94"]
[EventDate "2009.09.06"]
[EventType "team-tourn"]
[EventRounds "11"]
[EventCountry "AUT"]
[SourceTitle "EXT 2022"]
[Source "ChessBase"]
[SourceDate "2021.10.06"]
[SourceVersion "1"]
[SourceVersionDate "2021.10.06"]
[SourceQuality "1"]

1. f4 d5 2. Nf3 Nf6 3. g3 c5 4. Bg2 Nc6 5. d3 e6 6. 0-0 Qb6 7. c3 Be7 8. Kh1 Bd7 9. Qc2 Rc8 10. e4 dxe4 11. dxe4 0-0 12. Be3 Nd4 13. Nxd4 cxd4 14. Bg1 d3 15. Qd2 Bc5 16. Bxc5 Qxc5 17. Na3 Ng4 18. Rae1 Bc6 19. h3 Qh5 20. Kg1 Qc5+ 21. Kh1 Qh5 22. Kg1 Qc5+ 23. Kh1 Nf6 24. Qxd3 Rfd8 25. Qe2 Rd7 26. Rd1 Rcd8 27. Rxd7 Rxd7 28. Qf2 Qxf2 29. Rxf2 Rd1+ 30. Kh2 Nxe4 31. Re2 f5 32. g4 g6 33. Bf3 Rf1 34. Bg2 Rxf4 35. gxf5 exf5 36. c4 Rf2 37. Rxf2 Nxf2 38. Nb5 Bxb5 39. cxb5 b6 40. Kg3 Nd1 41. b4 Nc3 42. Kf4 Kg7 43. Ke5 Nxa2 44. Kd6 Nxb4 45. Bb7 Kf6 46. Kc7 Ke5 47. Kd7 Nd5 0-1

[Event "Niederoesterreich Landesliga 0910"]
[Site "Austria"]
[Date "2009.12.13"]
[Round "6"]
[White "Steiner, Adam"]
[Black "Mittermayr, Gerhard"]
[Result "1-0"]
[WhiteElo "2154"]
[BlackElo "2135"]
[PlyCount "46"]
[EventDate "2009.09.06"]
[EventType "team-tourn"]
[EventRounds "11"]
[EventCountry "AUT"]
[SourceTitle "EXT 2022"]
[Source "ChessBase"]
[SourceDate "2021.10.06"]
[SourceVersion "1"]
[SourceVersionDate "2021.10.06"]
[SourceQuality "1"]

1. e4 e6 2. b3 d5 3. Bb2 dxe4 4. Nc3 Nf6 5. Qe2 Be7 6. Nxe4 Nxe4 7. Qxe4 Bf6 8. d4 Qd5 9. Bd3 Qa5+ 10. c3 Bd7 11. Nf3 Bc6 12. Qe2 Nd7 13. 0-0 Qh5 14. Be4 Bxe4 15. Qxe4 0-0-0 16. c4 g5 17. a4 g4 18. Ne5 Rhg8 19. a5 Bxe5 20. dxe5 Nc5 21. Qe3 b6 22. axb6 axb6 23. Bd4 Nxb3 1-0

[Event "Niederoesterreich Landesliga 0910"]
[Site "Austria"]
[Date "2009.10.25"]
[Round "3"]
[White "Mittermayr, Gerhard"]
[Black "Hansen, Kay"]
[Result "1/2-1/2"]
[WhiteElo "2135"]
[BlackElo "2235"]
[PlyCount "77"]
[EventDate "2009.09.06"]
[EventType "team-tourn"]
[EventRounds "11"]
[EventCountry "AUT"]
[SourceTitle "EXT 2022"]
[Source "ChessBase"]
[SourceDate "2021.10.06"]
[SourceVersion "1"]
[SourceVersionDate "2021.10.06"]
[SourceQuality "1"]

1. e4 c6 2. d4 d5 3. Nd2 dxe4 4. Nxe4 Bf5 5. Ng3 Bg6 6. h4 h6 7. Nf3 Nd7 8. h5 Bh7 9. Bd3 Bxd3 10. Qxd3 Qc7 11. Bd2 e6 12. Ne4 Ngf6 13. Nxf6+ Nxf6 14. 0-0-0 0-0-0 15. Qe2 Bd6 16. Ne5 Rhe8 17. c4 Re7 18. Bc3 c5 19. Kb1 Bxe5 20. dxe5 Ne8 21. Qe3 Red7 22. Rxd7 Rxd7 23. Kc2 Qc6 24. b3 Qxg2 25. Qxc5+ Nc7 26. Re1 Qf3 27. Qxa7 Qxh5 28. Bb4 Qf5+ 29. Kb2 f6 30. Bd6 Qd3 31. Bxc7 Qd2+ 32. Ka3 Rxc7 33. Qa8+ Kd7 34. Rg1 g5 35. exf6 b5 36. cxb5 Qd6+ 37. Kb2 Qd4+ 38. Kb1 Qd3+ 39. Ka1 1/2-1/2

[Event "AUT-ch"]
[Site "Jenbach"]
[Date "2009.07.30"]
[Round "6"]
[White "Schnegg, Daniel"]
[Black "Mittermayr, Gerhard"]
[Result "0-1"]
[WhiteElo "2092"]
[BlackElo "2178"]
[PlyCount "80"]
[EventDate "2009.07.25"]
[EventType "swiss"]
[EventRounds "9"]
[EventCountry "AUT"]
[SourceTitle "CBM 131 Extra"]
[Source "ChessBase"]
[SourceDate "2009.09.03"]
[SourceVersion "2"]
[SourceVersionDate "2009.09.16"]
[SourceQuality "1"]

1. e4 e6 2. d4 d5 3. Nc3 Nf6 4. Bg5 Be7 5. e5 Nfd7 6. h4 h6 7. Bxe7 Qxe7 8. Qg4 0-0 9. 0-0-0 c5 10. Nf3 Nc6 11. Qf4 a6 12. dxc5 Nxc5 13. Qe3 b5 14. g4 b4 15. Ne2 Ne4 16. Nf4 Qc7 17. g5 Qa5 18. Kb1 Nc3+ 19. Kc1 Nxa2+ 20. Kd2 b3+ 21. c3 d4 22. Nxd4 Nxd4 23. Bd3 Rd8 24. Qe4 Nf5 25. Qxa8 Qb6 26. Qf3 Bb7 27. Qe2 Bxh1 28. Rxh1 Nb4 29. Ke1 Nxd3+ 30. Nxd3 Qc6 31. Rh3 Qg2 32. Qf1 Qd5 33. f4 a5 34. Qe2 Qc4 35. h5 a4 36. gxh6 gxh6 37. Rf3 a3 38. bxa3 Qxc3+ 39. Kf2 Kf8 40. Nb2 Qc5+ 0-1

[Event "AUT-ch"]
[Site "Jenbach"]
[Date "2009.07.28"]
[Round "4"]
[White "Mittermayr, Gerhard"]
[Black "Scheiblmaier, Robert"]
[Result "0-1"]
[WhiteElo "2178"]
[BlackElo "2095"]
[PlyCount "124"]
[EventDate "2009.07.25"]
[EventType "swiss"]
[EventRounds "9"]
[EventCountry "AUT"]
[SourceTitle "CBM 131 Extra"]
[Source "ChessBase"]
[SourceDate "2009.09.03"]
[SourceVersion "2"]
[SourceVersionDate "2009.09.16"]
[SourceQuality "1"]

1. e4 e6 2. d4 d5 3. Nd2 Nf6 4. e5 Nfd7 5. Bd3 c5 6. c3 b6 7. Ne2 Ba6 8. Bxa6 Nxa6 9. 0-0 Nc7 10. f4 f5 11. exf6 Nxf6 12. Nf3 Bd6 13. Ne5 0-0 14. Ng3 cxd4 15. cxd4 Bxe5 16. fxe5 Ne4 17. Rxf8+ Qxf8 18. Nxe4 dxe4 19. Qc2 Qb4 20. Be3 Nd5 21. Qc6 Rd8 22. Qxe6+ Kh8 23. Bg5 Qxd4+ 24. Kh1 Nf4 25. Qg4 Nd3 26. Bh4 Qxe5 27. Rf1 Re8 28. Bg3 Qe7 29. Bh4 Rf8 30. Rxf8+ Qxf8 31. h3 Qf1+ 32. Kh2 Qf4+ 33. Qxf4 Nxf4 34. Kg1 Nd3 35. b3 Kg8 36. Kf1 Kf7 37. Ke2 Nf4+ 38. Kf2 Ke6 39. Bg3 Kf5 40. Bh2 h5 41. g4+ hxg4 42. hxg4+ Ke5 43. g5 Kf5 44. Ke3 Ne6 45. b4 a6 46. a4 b5 47. axb5 axb5 48. g6 Nf8 49. Kd4 Nxg6 50. Kc5 e3 51. Kxb5 Ne5 52. Kc5 e2 53. Bg3 Kg4 54. Bxe5 e1Q 55. Bd6 Qc3+ 56. Kb6 Kf5 57. Bc5 Ke6 58. Kc6 Qf3+ 59. Kc7 Qf7+ 60. Kb6 Kd5 61. Ka6 Kc6 62. Ka5 Qa2# 0-1

[Event "AUT-chT2O 0809"]
[Site "Austria"]
[Date "2009.02.28"]
[Round "8.5"]
[White "Mittermayr, Gerhard"]
[Black "Bachofner, Andreas"]
[Result "0-1"]
[WhiteElo "2175"]
[BlackElo "2245"]
[PlyCount "68"]
[EventDate "2008.10.03"]
[EventType "tourn"]
[EventRounds "11"]
[EventCountry "AUT"]
[SourceTitle "EXT 2010"]
[Source "ChessBase"]
[SourceDate "2010.11.25"]
[SourceVersion "1"]
[SourceVersionDate "2010.11.25"]
[SourceQuality "1"]
[WhiteTeam "Poechlarn"]
[BlackTeam "Nickelsdorf"]
[WhiteTeamCountry "AUT"]
[BlackTeamCountry "AUT"]

1. e4 e6 2. d4 d5 3. Nd2 Nf6 4. e5 Nfd7 5. Bd3 c5 6. c3 Nc6 7. Ne2 cxd4 8. cxd4 f6 9. Nf4 Nxd4 10. Qh5+ Ke7 11. Ng6+ hxg6 12. exf6+ Nxf6 13. Qxh8 Kf7 14. f4 Nh5 15. 0-0 Ne2+ 16. Kh1 Qh4 17. g4 Nhg3+ 18. Kg2 Qxh8 19. hxg3 Nxc1 20. Raxc1 Bd6 21. Nf3 Bd7 22. Rh1 Qd8 23. Rce1 Qb6 24. b3 Rc8 25. Re2 Rc3 26. Ng5+ Kf6 27. Rhe1 Bxf4 28. Nh7+ Ke7 29. gxf4 Rxd3 30. Ng5 d4 31. f5 gxf5 32. gxf5 Re3 33. Nxe6 Bxe6 34. fxe6 Qc6+ 0-1

[Event "Niederoesterreich Landesliga 0708"]
[Site "Austria"]
[Date "2008.04.27"]
[Round "13"]
[White "Mittermayr, Gerhard"]
[Black "Ungerboeck, Guenter"]
[Result "0-1"]
[WhiteElo "2121"]
[BlackElo "1937"]
[PlyCount "70"]
[EventDate "2007.09.16"]
[EventType "team-tourn"]
[EventRounds "13"]
[EventCountry "AUT"]
[SourceTitle "EXT 2022"]
[Source "ChessBase"]
[SourceDate "2021.10.06"]
[SourceVersion "1"]
[SourceVersionDate "2021.10.06"]
[SourceQuality "1"]

1. e4 c5 2. Nf3 g6 3. d4 Bg7 4. c3 cxd4 5. cxd4 d5 6. e5 Bg4 7. Nc3 Nc6 8. Be3 e6 9. Nb5 Bf8 10. Be2 Bxf3 11. Bxf3 Qa5+ 12. Nc3 Nge7 13. g4 Bg7 14. Qd2 f6 15. exf6 Bxf6 16. g5 Bg7 17. Bg4 e5 18. dxe5 Nxe5 19. Be2 0-0 20. b4 Qxb4 21. Rb1 Nf3+ 22. Bxf3 Qxc3 23. Rxb7 Qc6 24. Rxe7 Bc3 25. Bxd5+ Qxd5 26. Qxc3 Qxh1+ 27. Ke2 Qf3+ 28. Kf1 Qd1+ 29. Kg2 Qd5+ 30. Kg1 Rf7 31. Rxf7 Qxf7 32. Bc1 Rd8 33. Be3 Qd5 34. Qf6 Qd1+ 35. Kg2 Qg4+ 0-1

[Event "AUT-chT2M 0708"]
[Site "Austria"]
[Date "2008.03.02"]
[Round "9.3"]
[White "Mittermayr, Gerhard"]
[Black "Frank, Paul"]
[Result "0-1"]
[WhiteElo "2129"]
[BlackElo "2201"]
[PlyCount "67"]
[EventDate "2007.10.13"]
[EventType "team-tourn"]
[EventRounds "11"]
[EventCountry "AUT"]
[SourceTitle "EXT 2009"]
[Source "ChessBase"]
[SourceDate "2008.11.26"]
[SourceVersion "1"]
[SourceVersionDate "2008.11.26"]
[SourceQuality "1"]
[WhiteTeam "Ansfelden II"]
[BlackTeam "Villach Admira"]
[WhiteTeamCountry "AUT"]
[BlackTeamCountry "AUT"]

1. e4 c5 2. Nf3 Nc6 3. d4 cxd4 4. Nxd4 Qb6 5. Nb3 Nf6 6. Nc3 e6 7. Be3 Qc7 8. a3 a6 9. Be2 Be7 10. 0-0 0-0 11. f4 d6 12. g4 Re8 13. g5 Nd7 14. Bf3 b5 15. Bg2 Rb8 16. Rf3 b4 17. axb4 Nxb4 18. Rh3 Nf8 19. Nd4 g6 20. Rh6 e5 21. Nde2 exf4 22. Nxf4 Bxg5 23. Nfd5 Nxd5 24. Nxd5 Bxe3+ 25. Kh1 Qd8 26. Nxe3 Qg5 27. Nd5 Be6 28. Rh3 Bxh3 29. Bxh3 Rxe4 30. Bg2 Re5 31. b4 Rbe8 32. c4 Qh4 33. Qf1 Rf5 34. Bf3 0-1